000
00334nam a2200133Ia 4500
008
190722s9999 xx 000 0 und d
020
_a
0-7167-2285-2
100
_a
Anthony.J.F.Griffiths
245
3
_a
An Introduction to Genetic Analysis
250
_a
5th
260
_a
New York
_b
W.H.Freeman
_c
1993
300
_a
840
942
_c
BK
999
_c
1216
_d
1216